000 01164nam0a22002651 4500
001 rc\4033850
005 20130415133924.5
021 _aRU
_b[55-16906]
035 _a(NLR Aleph) 008094140
090 _a9202561
_c9202561
100 _a20130415d1954 |||y0rusy50 ca
101 0 _arus
102 _aRU
105 _aa z |||||
200 1 _aБиоорганоминеральный комплекс орошаемых почв Средней Азии
_fМ-во сельского хозяйства СССР. Всесоюз. ордена Ленина науч.-исслед. ин-т по хлопководству СоюзНИХИ. Центр. станция удобрений и агропочвоведения
210 _aТашкент
_cИзд-во САГУ
_d1954
215 _a92 с.
_cил.
_d22
320 _aБиблиогр.: с. 88-92 (91 назв.)
606 _aПочвы орошаемые
_xМикробиология
_yСредняя Азия
_2psbo
700 1 _aЛазарев
_bС. Ф.
_gСергей Федорович
801 0 _aRU
_bNLR
_gpsbo
801 1 _aRU
_bELAR
_2rusmarc
852 _aNLR
_jС14 Г-6/236
942 _cBOOK
980 _aNB